Χώρες με Κατεύθυνση στο Όνομα τους - Statistics

General Stats
  • This quiz has been taken 34 times
  • The average score is 5 of 6
Answer Stats
Κατεύθυνση Χώρες % Correct
Ανατολικό Ανατολικό Τιμόρ
90%
Βόρεια Βόρεια Κορέα
87%
Νότια Νότια Κορέα
80%
Νότια Νότια Αφρική
77%
Βόρεια Βόρεια Μακεδονία
73%
Νότια Νότιο Σουδάν
63%
No matching quizzes found
Score Distribution
Percent of People with Each Score
Percentile by Number Answered
Your Score History
You have not taken this quiz